000 01005nji a22002657a 4500
005 2010092009509.0
006 a|||||r|||||00| 0
007 sd ammalaaahaa
008 100830t xxu||||| |||| 00| 0 eng d
028 _a2675 529
_bMusic India
035 _aGR-03949
040 _aSED
_cSED
100 _917455
_aJalota, Anup
245 _aCheer ke chhati bole apni /
_cby Anup Jalota
_h[sound recording] :
246 _aचीर के छाती बोले अपनी / अनूप जलोटा द्वारा
260 _aDum Dum, India
_bMusic India
_c1985
300 _a1 sound disc [Gramophone Recording]:
_banalog, 33 1/3 rpm
_c12.5 in. (LP)
_fGramophone Record
500 _aBrief Record
500 _aRecord labels :Music India, White
505 _aSide-2 Sita ke ram (Anup Jalota)
600 _aJalota, Anup
_920782
650 _aBhajan
_zIndia
_91186
_xExcerpts
942 _2ddc
_cGR
999 _c47020
_d47020